Waiting and other stories / (Record no. 4064)
| 000 -LEADER | |
|---|---|
| fixed length control field | 00610cam a22002057i 4500 |
| 001 - CONTROL NUMBER | |
| control field | 19291737 |
| 005 - DATE AND TIME OF LATEST TRANSACTION | |
| control field | 20190213194711.0 |
| 008 - FIXED-LENGTH DATA ELEMENTS--GENERAL INFORMATION | |
| fixed length control field | 160927s2016 ke a 000 1 eng |
| 010 ## - LIBRARY OF CONGRESS CONTROL NUMBER | |
| LC control number | 2015333885 |
| 020 ## - INTERNATIONAL STANDARD BOOK NUMBER | |
| International Standard Book Number | 9789966570352 |
| 040 ## - CATALOGING SOURCE | |
| Original cataloging agency | DLC |
| Language of cataloging | eng |
| Transcribing agency | DLC |
| Description conventions | rda |
| 042 ## - AUTHENTICATION CODE | |
| Authentication code | lcode |
| 050 00 - LIBRARY OF CONGRESS CALL NUMBER | |
| Classification number | MLCS 2016/30281 (P) |
| 245 00 - TITLE STATEMENT | |
| Title | Waiting and other stories / |
| Statement of responsibility, etc | edited by Evan Mwangi. |
| 300 ## - PHYSICAL DESCRIPTION | |
| Extent | xii, 188 pages : |
| Other physical details | illustrations ; |
| Dimensions | 21 cm |
| 700 1# - ADDED ENTRY--PERSONAL NAME | |
| Personal name | Mwangi, Evan, |
| Relator term | editor. |
| 906 ## - LOCAL DATA ELEMENT F, LDF (RLIN) | |
| a | 7 |
| b | cbc |
| c | origode |
| d | 4 |
| e | ncip |
| f | 20 |
| g | y-gencatlg |
| 942 ## - ADDED ENTRY ELEMENTS (KOHA) | |
| Source of classification or shelving scheme | |
| Item type | Book |
| Withdrawn status | Lost status | Source of classification or shelving scheme | Damaged status | Not for loan | Home library | Current library | Shelving location | Date acquired | Total Checkouts | Full call number | Barcode | Date last seen | Date last borrowed | Copy number | Price effective from | Koha item type |
|---|---|---|---|---|---|---|---|---|---|---|---|---|---|---|---|---|
| Riara University Library | Riara University Library | General stack | 14/02/2019 | 3 | PR 9387.9 .A25 M9 2016 | 10112/18 | 25/02/2025 | 10/02/2025 | C.1 | 14/02/2019 | Book |
